Mzdy i nadále regulované.
Úplné uvoľnenie miezd vyžaduje existenciu konkurenčného prostredia, ktoré zatiaľ v ČSFR nejestvuje. Pripustenie nekontrolovaného vývoja miezd by viedlo k rastu nákladov, zvyšovaniu cien a k inflácii. V štátnych a družstevných podnikoch sa preto pre budúci rok ráta s určitým spôsobom mzdovej reguláci...
Gespeichert in:
| 1. Verfasser: | |
|---|---|
| Format: | Buchkapitel |
| Sprache: | Tschechisch |
| Schlagworte: | |
| Tags: |
Keine Tags, Fügen Sie das erste Tag hinzu!
|
MARC
| LEADER | 00000naa a2200000 4500 | ||
|---|---|---|---|
| 001 | r001664 | ||
| 005 | 20220819175438.3 | ||
| 041 | 0 | |a cze | |
| 044 | |a [CS] | ||
| 245 | 1 | 0 | |a Mzdy i nadále regulované. |c O. Nádhera |
| 520 | |a Úplné uvoľnenie miezd vyžaduje existenciu konkurenčného prostredia, ktoré zatiaľ v ČSFR nejestvuje. Pripustenie nekontrolovaného vývoja miezd by viedlo k rastu nákladov, zvyšovaniu cien a k inflácii. V štátnych a družstevných podnikoch sa preto pre budúci rok ráta s určitým spôsobom mzdovej regulácie. | ||
| 610 | 2 | 0 | |a mzdy |
| 610 | 2 | 0 | |a ČSFR |
| 610 | 2 | 0 | |a konkurencia |
| 610 | 2 | 0 | |a hospodárstvo trhové |
| 610 | 2 | 0 | |a mechanizmus hospodársky |
| 610 | 2 | 0 | |a inflácia |
| 610 | 2 | 0 | |a regulácia miezd |
| 100 | 1 | |a Nádhera, O. | |